<?xml version="1.0" encoding="UTF-8"?><?xml-stylesheet type="text/xsl" href="static/style.xsl"?><OAI-PMH xmlns="http://www.openarchives.org/OAI/2.0/" xmlns:xsi="http://www.w3.org/2001/XMLSchema-instance" xsi:schemaLocation="http://www.openarchives.org/OAI/2.0/ http://www.openarchives.org/OAI/2.0/OAI-PMH.xsd"><responseDate>2026-04-28T12:23:30Z</responseDate><request verb="GetRecord" identifier="oai:uvadoc.uva.es:10324/36660" metadataPrefix="marc">https://uvadoc.uva.es/oai/request</request><GetRecord><record><header><identifier>oai:uvadoc.uva.es:10324/36660</identifier><datestamp>2021-06-29T23:47:40Z</datestamp><setSpec>com_10324_38</setSpec><setSpec>col_10324_852</setSpec></header><metadata><record xmlns="http://www.loc.gov/MARC21/slim" xmlns:doc="http://www.lyncode.com/xoai" xmlns:xsi="http://www.w3.org/2001/XMLSchema-instance" xmlns:dcterms="http://purl.org/dc/terms/" xsi:schemaLocation="http://www.loc.gov/MARC21/slim http://www.loc.gov/standards/marcxml/schema/MARC21slim.xsd">
<leader>00925njm 22002777a 4500</leader>
<datafield tag="042" ind1=" " ind2=" ">
<subfield code="a">dc</subfield>
</datafield>
<datafield tag="720" ind1=" " ind2=" ">
<subfield code="a">López Sanz, Andrea</subfield>
<subfield code="e">author</subfield>
</datafield>
<datafield tag="260" ind1=" " ind2=" ">
<subfield code="c">2019</subfield>
</datafield>
<datafield tag="520" ind1=" " ind2=" ">
<subfield code="a">El presente trabajo de investigación se centra en los contenidos lógico-matemáticos trabajados en los proyectos editoriales destinados al curso de cuatro años de Educación Infantil, “Santillana” y “SM”.&#xd;
En el mismo, se lleva a cabo un análisis comparativo de ambas editoriales teniendo en cuenta los libros de texto empleados, cuyas fichas se han convertido en la muestra de nuestro estudio. En dicho análisis son valorados diferentes aspectos o categorías en relación a la lógica dentro de las matemáticas.&#xd;
Tras el análisis, se muestran diferencias y semejanzas de ambas editoriales, lo que nos ha permitido darnos cuenta del bajo empleo de fichas dedicadas a la lógica dentro de los proyectos, así como de la gran utilización de variables como el color, el tamaño o la forma en ambos.&#xd;
Finalmente, se plasman unas conclusiones en las que se da respuesta a los objetivos planteados en la realización del presente trabajo.</subfield>
</datafield>
<datafield tag="024" ind2=" " ind1="8">
<subfield code="a">http://uvadoc.uva.es/handle/10324/36660</subfield>
</datafield>
<datafield tag="245" ind1="0" ind2="0">
<subfield code="a">Análisis del tratamiento de los contenidos lógico-matemáticos en diferentes proyectos editoriales en la Educación infantil</subfield>
</datafield>
</record></metadata></record></GetRecord></OAI-PMH>